LDR 01124naa#a2200205#i#450# 001 RU\\bibl\123427 005 20260706024839.1 011 ## _a1994-4683 100 ## _a20230731b2023####ek#y0rusy0150####ca 102 ## _aRU 200 1# _aФОРМИРОВАНИЕ ПРОФЕССИОНАЛЬНЫХ НАВЫКОВ СИЛОВОГО ЗАДЕРЖАНИЯ У КУРСАНТОВ _eЖурнальная статья 210 1# _aМосква _cНациональный государственный Университет физической культуры, спорта и здоровья им. П.Ф. Лесгафта _d2023 215 ## _a4 с. 608 ## _aЖурнальная статья _2local 675 ## _aРоль физкультуры и спорта в воспитании и общем развитии личности. 796.011.1 _z 700 #1 _aТкаченко _gАлексей Иванович 700 #1 _aБычков _gВадим Михайлович 700 #1 _aКулиничев _gАндрей Николаевич 700 #1 _aТретьяков _gАндрей Александрович 856 4# _auchzapiski.lesgaft.spb.ru _u